2023 MLB Strikeout Leaders - Statistics

General Stats
  • This quiz has been taken 17 times
  • The average score is 12 of 20
Answer Stats
Team No. SO Name % Correct
ATL 99 281 Spencer Strider
100%
TOR 34 237 Kevin Gausman
92%
NYY 45 222 Gerrit Cole
85%
MIL 39 200 Corbin Burnes
77%
CHW 84 214 Dylan Cease
77%
AZ 23 220 Zac Gallen
77%
PHI 45 212 Zack Wheeler
77%
PHI 27 202 Aaron Nola
69%
SD 4 234 Blake Snell
69%
SEA 58 219 Luis Castillo
69%
HOU 59 200 Framber Valdez
62%
SF 62 194 Logan Webb
62%
MIN 49 234 Pablo Lopez
62%
MIL 51 210 Freddy Peralta
54%
MIA 44 208 Jesus Luzardo
38%
PIT 23 210 Mitch Keller
38%
NYM 34 202 Kodai Senga
31%
MIN 41 197 Joe Ryan
23%
TOT 31 191 Lance Lynn
15%
TOT 27 204 Lucas Giolito
15%
No matching quizzes found
Score Distribution
Percent of People with Each Score
Percentile by Number Answered
Your Score History
You have not taken this quiz